Expreso de medianoche

El filme está basado en un hecho biográfico real​ ocurrido en 1970: la historia de Billy Hayes, un joven estadounidense que fue detenido por posesión de hachís en el aeropuerto de Estambul (Turquía) y fue condenado a 30 años de prisión por tráfico de drogas. Fue sometido a vejaciones en un...

Descripción completa

Guardado en:
Autor Principal: Parker, Alan.
Autor Corporativo: Casablanca Filmworks.
Otros Autores: Stone, Oliver; Guion., Davis, Brad; Reparto., Miracle, Irene; Reparto., Smith, Paul L; Reparto.
Formato: Deslizar
Idioma:Undetermined
Publicado: Estados Unidos : Columbia Pictures, 1978.
Materias:
Etiquetas: Agregar Etiqueta
Sin Etiquetas, Sea el primero en etiquetar este registro!
LEADER 01373ngm a22002415a 4500
001 CEM.cems020364
008 230816s1978####xx#---############vlund#d
005 20230816210105.0
245 1 0 |a Expreso de medianoche  |h [videograbación] /  |c Alan Parker. 
260 |a Estados Unidos :  |b Columbia Pictures,  |c 1978. 
300 |a 121'. 
520 |a El filme está basado en un hecho biográfico real​ ocurrido en 1970: la historia de Billy Hayes, un joven estadounidense que fue detenido por posesión de hachís en el aeropuerto de Estambul (Turquía) y fue condenado a 30 años de prisión por tráfico de drogas. Fue sometido a vejaciones en un ambiente infrahumano y logró escapar a Grecia, donde fue detenido y deportado a los Estados Unidos. Billy escribió el libro homónimo en que se basa el filme. 
538 |a Soporte: DVD -- Formato: DVD – Peso: 4.10gb -- Resolución: 720 x 480 -- 29.97fps 
500 |a Título original: Midnight Express – Idioma: Inglés – Subtítulos: Español, Inglés, Portugués, Francés. 
100 1 |a Parker, Alan. 
700 1 |a Stone, Oliver; Guion. 
700 1 |a Davis, Brad; Reparto. 
700 1 |a Miracle, Irene; Reparto. 
700 1 |a Smith, Paul L; Reparto. 
710 2 |a Casablanca Filmworks. 
653 |a LARGOMETRAJE 
653 |a ADAPTACIÓN 
859 |a CEMS  |b BIB. CEMS - Depto. Recursos Didacticos  |h 778.5  |i PAR  |k DRD  |p 3073.23  |t Ej.1